000 00704nam a2200193Ia 4500
008 151121s9999||||xx |||||||||||||| ||und||
082 _a920/ढवळे
082 _bHNW-46141
100 _aढवळ वा। रा।
245 _aखांडेकर मित्र आणि माणूस
260 _b"कॉन्टिनेंटल प्रकाशन, पुणे।"
260 _c--
300 _a120
600 _aढवळ वा। रा।
630 _aखांडेकर मित्र आणि माणूस
700 _aढवळ वा। रा।
730 _aखांडेकर मित्र आणि माणूस
942 _cBOOK
999 _c1232910
_d1232907